000 00667nam a2200181 a 4500
001 000040300
005 20240503073631.0
008 130802s2007 mx 000 0 spa d
020 _a9703247981
040 _aDO-SdBNP
_bspa
_cBNPHU
100 1 _aCervantes Saavedra, Miguel de,
_d1547-1616
_93070
245 1 0 _aEl coloquio de los perros /
_cMiguel de Cervantes Saavedra ; introducción Hernán Lara Zavala.
260 _aMéxico :
_bUniversidad Nacional Autónoma de México,
_c2007.
300 _a85 p. ;
_c18 cm.
490 1 _aRelato Licenciado Vidriera
_v25
700 1 _aBalcácel Ordóñez, Luis Balcácel
_966546
830 0 _aRelato Licenciado Vidriera
_v25
_966234
999 _c39790
_d39790